Geography Series #12 - Statistics

General Stats
  • This quiz has been taken 46 times
  • The average score is 11 of 12
Answer Stats
South American Countries % Correct
Argentina
100%
Brazil
100%
Paraguay
95%
Uruguay
95%
Venezuela
95%
Chile
93%
Colombia
93%
Bolivia
91%
Ecuador
91%
Guyana
91%
Suriname
88%
Peru
86%
No matching quizzes found
Score Distribution
Percent of People with Each Score
Percentile by Number Answered
Your Score History
You have not taken this quiz